<?xml version="1.0" encoding="UTF-8"?>
<record
    xmlns:xsi="http://www.w3.org/2001/XMLSchema-instance"
    xsi:schemaLocation="http://www.loc.gov/MARC21/slim http://www.loc.gov/standards/marcxml/schema/MARC21slim.xsd"
    xmlns="http://www.loc.gov/MARC21/slim">

  <leader>06937nam a2200505 i 4500</leader>
  <controlfield tag="001">51756</controlfield>
  <controlfield tag="003">FINmELB</controlfield>
  <controlfield tag="005">20241216232332.0</controlfield>
  <controlfield tag="006">m     o  u        </controlfield>
  <controlfield tag="007">cr cn|||||||||</controlfield>
  <controlfield tag="008">211013s2008    ag a    ob    000 0 spa d</controlfield>
  <datafield tag="020" ind1=" " ind2=" ">
    <subfield code="z">9789871305308</subfield>
  </datafield>
  <datafield tag="035" ind1=" " ind2=" ">
    <subfield code="a">(OCoLC)1280137549</subfield>
  </datafield>
  <datafield tag="040" ind1=" " ind2=" ">
    <subfield code="a">FINmELB</subfield>
    <subfield code="b">spa</subfield>
    <subfield code="e">rda</subfield>
    <subfield code="c">FINmELB</subfield>
  </datafield>
  <datafield tag="050" ind1="0" ind2="0">
    <subfield code="a">Z711</subfield>
    <subfield code="b">.G373 2008</subfield>
  </datafield>
  <datafield tag="080" ind1=" " ind2=" ">
    <subfield code="a">02</subfield>
  </datafield>
  <datafield tag="082" ind1="0" ind2="4">
    <subfield code="a">025.527</subfield>
    <subfield code="2">23</subfield>
  </datafield>
  <datafield tag="100" ind1="1" ind2=" ">
    <subfield code="a">Garc&#xED;a, Irma Luz,</subfield>
    <subfield code="e">autor.</subfield>
  </datafield>
  <datafield tag="245" ind1="1" ind2="0">
    <subfield code="a">Servicio de referencia :</subfield>
    <subfield code="b">una propuesta integradora /</subfield>
    <subfield code="c">Irma Luz Garc&#xED;a, Mercedes Portugal ; pr&#xF3;logo Susana Romanos de Tiratel.</subfield>
  </datafield>
  <datafield tag="250" ind1=" " ind2=" ">
    <subfield code="a">1a edici&#xF3;n.</subfield>
  </datafield>
  <datafield tag="264" ind1=" " ind2="1">
    <subfield code="a">Ciudad Aut&#xF3;noma de Buenos Aires :</subfield>
    <subfield code="b">Alfagrama Ediciones,</subfield>
    <subfield code="c">2008.</subfield>
  </datafield>
  <datafield tag="300" ind1=" " ind2=" ">
    <subfield code="a">1 recurso en l&#xED;nea (278 p&#xE1;ginas) :</subfield>
    <subfield code="b">ilustraciones</subfield>
  </datafield>
  <datafield tag="336" ind1=" " ind2=" ">
    <subfield code="a">texto</subfield>
    <subfield code="b">txt</subfield>
    <subfield code="2">rdacontent/spa</subfield>
  </datafield>
  <datafield tag="337" ind1=" " ind2=" ">
    <subfield code="a">computadora</subfield>
    <subfield code="b">c</subfield>
    <subfield code="2">rdamedia/spa</subfield>
  </datafield>
  <datafield tag="338" ind1=" " ind2=" ">
    <subfield code="a">recurso en l&#xED;nea</subfield>
    <subfield code="b">cr</subfield>
    <subfield code="2">rdacarrier/spa</subfield>
  </datafield>
  <datafield tag="490" ind1="1" ind2=" ">
    <subfield code="a">Serie Introducci&#xF3;n a la biblioteconom&#xED;a</subfield>
  </datafield>
  <datafield tag="490" ind1="1" ind2=" ">
    <subfield code="a">Biblioteca Alfagrama</subfield>
  </datafield>
  <datafield tag="504" ind1=" " ind2=" ">
    <subfield code="a">Incluye referencias bibliogr&#xE1;ficas (p&#xE1;ginas 257-278).</subfield>
  </datafield>
  <datafield tag="505" ind1="0" ind2=" ">
    <subfield code="a">P&#xC1;GINA LEGAL -- TABLA DE CONTENIDO -- PR&#xD3;LOGO -- INTRODUCCI&#xD3;N -- CAP&#xCD;TULO I: ANTECEDENTES HIST&#xD3;RICOS Y DEFINICIONES CONCEPTUALES -- CAP&#xCD;TULO II: PLANIFICACI&#xD3;N Y ORGANIZACI&#xD3;N DEL SERVICIO DE REFERENCIA -- ETAPAS DE PLANEAMIENTO -- ESTRUCTURA ORGANIZACIONAL -- NIVELES DE PLANEAMIENTO -- NIVELES DEL SERVICIO DE REFERENCIA -- RECURSOS HUMANOS -- INFRAESTRUCTURA Y TECNOLOG&#xCD;A -- RECURSOS FINANCIEROS Y ECON&#xD3;MICOS -- PROCESO PRESUPUESTARIO -- CAP&#xCD;TULO III: ESTUDIO DE LA COMUNIDAD Y ESTUDIO DE USUARIOS -- ESTUDIO DE LA COMUNIDAD -- ESTUDIOS DE USUARIOS -- ELABORACI&#xD3;N DE UN ESTUDIO DE USUARIOS -- CAP&#xCD;TULO IV: DESARROLLO DE LA COLECCI&#xD3;N DE REFERENCIA -- SELECCI&#xD3;N -- ADQUISICI&#xD3;N -- DESCARTE -- EVALUACI&#xD3;N -- CAP&#xCD;TULO V: COLECCI&#xD3;N DE REFERENCIA -- CLASIFICACI&#xD3;N DE FUENTES DE INFORMACI&#xD3;N -- FUENTES SECUNDARIAS -- FUENTES TERCIARIAS -- CAP&#xCD;TULO VI: MARKETING -- ATRACCI&#xD3;N DEL MERCADO -- SEGMENTACI&#xD3;N DEL MERCADO -- INVESTIGACI&#xD3;N DE MERCADO -- ESTRATEGIAS Y VARIABLES DE MARKETING -- PROMOCI&#xD3;N -- CAP&#xCD;TULO VII: ENTREVISTA DE REFERENCIA -- MODELOS DE ENTREVISTA DE REFERENCIA -- CAP&#xCD;TULO VIII: SERVICIOS DE REFERENCIA -- REFERENCIA R&#xC1;PIDA -- PREGUNTAS FRECUENTES -- VERIFICACI&#xD3;N DE CITAS BIBLIOGR&#xC1;FICAS -- OBTENCI&#xD3;N Y SUMINISTRO DE DOCUMENTOS -- ALERTA DE NOVEDADES -- DISEMINACI&#xD3;N SELECTIVA DE LA INFORMACI&#xD3;N (DSI) -- GU&#xCD;A DE LECTURA -- BIBLIOTERAPIA -- SERVICIO DE INFORMACI&#xD3;N Y REFERENCIA COMUNITARIA -- FORMACI&#xD3;N DE USUARIOS -- B&#xDA;SQUEDA DE INFORMACI&#xD3;N -- COMPILACI&#xD3;N DE BIBLIOGRAF&#xCD;AS -- ASESOR&#xCD;A DE INFORMACI&#xD3;N PARA LA INVESTIGACI&#xD3;N -- CAP&#xCD;TULO IX: FORMACI&#xD3;N DE USUARIOS -- ORIENTACI&#xD3;N -- INSTRUCCI&#xD3;N/CAPACITACI&#xD3;N -- ALFABETIZACI&#xD3;N INFORMACIONAL O COMPETENCIA INFORMATIVA -- T&#xC9;CNICAS DE FORMACI&#xD3;N -- LA COMUNICACI&#xD3;N ORAL Y ESCRITA -- LA COMUNICACI&#xD3;N POR IM&#xC1;GENES -- EXPERIENCIA DE FORMACI&#xD3;N DE USUARIOS -- CAP&#xCD;TULO X: EL PROCESO DE B&#xDA;SQUEDA DE INFORMACI&#xD3;N -- ESTRATEGIAS DE B&#xDA;SQUEDA -- B&#xDA;SQUEDA TEM&#xC1;TICA EN FUENTES DE INFORMACI&#xD3;N ELECTR&#xD3;NICAS: OBRAS DE REFERENCIA BIBLIOGR&#xC1;FICAS -- B&#xDA;SQUEDA EN INTERNET -- CAP&#xCD;TULO XI: EVALUACI&#xD3;N DEL SERVICIO DE REFERENCIA -- NORMAS -- GESTI&#xD3;N DE CALIDAD -- EVALUACI&#xD3;N DE LOS RECURSOS HUMANOS -- EVALUACI&#xD3;N DE INFRAESTRUCTURA, MOBILIARIO Y TECNOLOG&#xCD;A -- EVALUACI&#xD3;N DE LA COLECCI&#xD3;N -- EVALUACI&#xD3;N DE LOS SERVICIOS -- CAP&#xCD;TULO XII: EL SERVICIO DE REFERENCIA: EJES PARA LA ACCI&#xD3;N -- LOS DERECHOS HUMANOS -- EL ACCESO A LA INFORMACI&#xD3;N P&#xDA;BLICA -- ACCESO ABIERTO (OPEN ACCESS) -- LA BRECHA DIGITAL Y SOCIAL, LA DISCAPACIDAD -- LA PROPIEDAD INTELECTUAL -- LICENCIAS CREATIVE COMMONS -- LA COOPERACI&#xD3;N -- ANEXO I: FORMULARIO DE PR&#xC9;STAMO INTERBIBLIOTECARIO -- ANEXO II: FORMULARIO DE SERVICIO DE REFERENCIA: CONSULTA -- BIBLIOGRAF&#xCD;A.</subfield>
  </datafield>
  <datafield tag="520" ind1=" " ind2=" ">
    <subfield code="a">El cambio de paradigma centrado en el usuario, la expansi&#xF3;n de las Tecnolog&#xED;as de la informaci&#xF3;n y la comunicaci&#xF3;n, el renovado sector de la econom&#xED;a basado en los servicios, la investigaci&#xF3;n y el desarrollo propio de la Bibliotecolog&#xED;a y la Ciencia de la Informaci&#xF3;n, la creciente interdisciplinariedad, entre otros temas, han madurado en esta propuesta. Planificar, organizar y gestionar el servicio de referencia es un proceso que involucra etapas sucesivas, en las que el bibliotecario realiza diversas tareas previas con el fin &#xFA;ltimo de satisfacer en forma personalizada las necesidades de informaci&#xF3;n y formaci&#xF3;n de la comunidad de usuarios a la que sirve la biblioteca. Tradicionalmente, las obras referidas al servicio de referencia han acotado su alcance al conocimiento y manejo de las fuentes de informaci&#xF3;n, a la b&#xFA;squeda y provisi&#xF3;n de informaci&#xF3;n demandada y a las t&#xE9;cnicas de entrevista. Sin dejar de lado estos importantes aspectos, esta obra suma la planificaci&#xF3;n, organizaci&#xF3;n y marketing general del servicio de referencia enfatizando la gesti&#xF3;n de recursos humanos, el estudio de la comunidad y los estudios de usuarios y el desarrollo de la colecci&#xF3;n de referencia. Revisa algunos modelos de entrevista de referencia para completarlos y profundiza en los diversos tipos de servicios. Ampl&#xED;a los l&#xED;mites de la formaci&#xF3;n de usuarios presentando las distintas alternativas a considerar en el momento de iniciar un programa de formaci&#xF3;n de usuarios. Describe con minuciosidad las t&#xE9;cnicas de formaci&#xF3;n individual, grupal y las estrategias en la comunicaci&#xF3;n. Respecto de la evaluaci&#xF3;n del servicio de referencia incorpora la gesti&#xF3;n de calidad y la evaluaci&#xF3;n de los recursos humanos por competencias. El &#xFA;ltimo cap&#xED;tulo convoca a los profesionales de la informaci&#xF3;n a compartir, involucrarse y promover los ejes para la acci&#xF3;n propuestos: el fuerte compromiso profesional con el servicio y el acceso a la informaci&#xF3;n. Este libro destinado a estudiantes, colegas y profesionales del &#xE1;mbito nacional e internacional pretende completar la producci&#xF3;n bibliogr&#xE1;fica sobre el servicio de referencia en lengua espa&#xF1;ola y aportar una mirada integradora para repensar las propias pr&#xE1;cticas y revalorizar el servicio.</subfield>
  </datafield>
  <datafield tag="588" ind1=" " ind2=" ">
    <subfield code="a">Descripci&#xF3;n basada en metadatos suministrados por el editor y otras fuentes.</subfield>
  </datafield>
  <datafield tag="590" ind1=" " ind2=" ">
    <subfield code="a">Recurso electr&#xF3;nico. Santa Fe, Arg.: elibro, 2021. Disponible v&#xED;a World Wide Web. El acceso puede estar limitado para las bibliotecas afiliadas a elibro.</subfield>
  </datafield>
  <datafield tag="650" ind1=" " ind2="0">
    <subfield code="a">Reference services (Libraries)</subfield>
  </datafield>
  <datafield tag="650" ind1=" " ind2="4">
    <subfield code="a">Servicio de refencia.</subfield>
  </datafield>
  <datafield tag="650" ind1=" " ind2="4">
    <subfield code="a">Biblioteconom&#xED;a.</subfield>
  </datafield>
  <datafield tag="655" ind1=" " ind2="4">
    <subfield code="a">Libros electr&#xF3;nicos.</subfield>
  </datafield>
  <datafield tag="700" ind1="1" ind2=" ">
    <subfield code="a">Portugal, Mercedes.</subfield>
  </datafield>
  <datafield tag="797" ind1="2" ind2=" ">
    <subfield code="a">elibro, Corp.</subfield>
  </datafield>
  <datafield tag="830" ind1=" " ind2="0">
    <subfield code="a">Serie Introducci&#xF3;n a la biblioteconom&#xED;a.</subfield>
  </datafield>
  <datafield tag="830" ind1=" " ind2="0">
    <subfield code="a">Biblioteca Alfagrama.</subfield>
  </datafield>
  <datafield tag="856" ind1="4" ind2="0">
    <subfield code="u">https://elibro.net/ereader/politecnicointernacional/188005</subfield>
  </datafield>
  <datafield tag="999" ind1=" " ind2=" ">
    <subfield code="c">51756</subfield>
    <subfield code="d">51756</subfield>
  </datafield>
</record>
